Countries Woodrow Wilson visited - Statistics

General Stats
  • This quiz has been taken 60 times
  • The average score is 4 of 5
Answer Stats
Continent Country % Correct
Europe France
98%
Europe United Kingdom
98%
Europe Italy
85%
Europe Belgium
74%
Europe Vatican City
51%
No matching quizzes found
Score Distribution
Percent of People with Each Score
Percentile by Number Answered
Your Score History
You have not taken this quiz